000 00766nam a2200265 a 4500
001 000108258
003 CHAP
005 20220329144005.0
008 140120s2011 at a |r| |||1|||eng d
010 _a104720
011 _a105692
020 _a9780643097261
040 _cCHAP
082 0 4 _a333.85
_bR21
100 1 _aRankin, W.J.
_9125190
245 1 0 _aMinerals, metals and sustainability :
_bmeeting future material needs /
_cpor W.J. Rankin.
260 _aCollingwood, Vic :
_bCSIRO Pub.,
_cc2011.
300 _axvi, 419 p :
_bil., gráfs., diags., tablas.
590 _aE6096MTM
_b05
_c20140120
_lUCH01
_h1421
650 1 4 _aIndustrias mineras.
_958012
650 1 4 _aMinas y recursos minerales.
_975905
901 _aBK
942 _cLIBRO
942 _n0
999 _c104720
_d104720